000 00423nam a2200169Ia 4500
005 20250423101706.0
008 250422s9999 xx 000 0 und d
020 _a0877793484
050 _aPE 1628 .W42/
245 0 _aWebster's new collegiate dictionary
260 _aSpringfield
260 _bG & C Merriam Company
260 _c1977
300 _a1536 p
650 _aEnglish language--Dictionaries.
942 _cBK
999 _c36995
_d36995